Greta Van Fleet's Complete Discography - Statistics

General Stats
  • This quiz has been taken 185 times
  • The average score is 24 of 31
Answer Stats
Album Track % Correct
From the Fires Safari Song
93%
From the Fires Highway Tune
90%
From the Fires Black Smoke Rising
89%
The Battle at Garden's Gate Heat Above
88%
The Battle at Garden's Gate Light My Love
88%
The Battle at Garden's Gate Age of Machine
87%
Anthem of the Peaceful Army Age of Man
86%
The Battle at Garden's Gate Caravel
85%
From the Fires Flower Power
84%
The Battle at Garden's Gate The Weight of Dreams
83%
The Battle at Garden's Gate The Barbarians
82%
Anthem of the Peaceful Army Anthem
79%
The Battle at Garden's Gate Broken Bells
79%
Anthem of the Peaceful Army When the Curtain Falls
79%
The Battle at Garden's Gate Tears of Rain
78%
From the Fires A Change is Gonna Come
77%
Anthem of the Peaceful Army You're the One
77%
From the Fires Meet on the Ledge
76%
The Battle at Garden's Gate Stardust Chords
76%
Anthem of the Peaceful Army Lover, Leaver
75%
The Battle at Garden's Gate My Way, Soon
75%
The Battle at Garden's Gate Trip the Light Fantastic
75%
From the Fires Edge of Darkness
74%
From the Fires Talk on the Street
71%
The Battle at Garden's Gate Built by Nations
69%
Anthem of the Peaceful Army The Cold Wind
68%
Anthem of the Peaceful Army Mountain of the Sun
67%
Anthem of the Peaceful Army The New Day
63%
Anthem of the Peaceful Army Watching Over
60%
Anthem of the Peaceful Army Brave New World
59%
Single Rolling in the Deep
58%
No matching quizzes found
Score Distribution
Percent of People with Each Score
Percentile by Number Answered
Your Score History
You have not taken this quiz